000 00307nam a2200121 a 4500
005 20140414131852.0
008 100807s19uu xx 00 eng d
050 _aM 591.7
_bAn5 2001
245 _aAnimals in the wild.
260 _aLondon :
_bOctopus Pub,
_c1998.
650 _aWild animals
999 _c110257
_d110257